<?xml version="1.0" encoding="UTF-8"?>
<collection xmlns="http://www.loc.gov/MARC21/slim">
  <record>
    <leader>00000nam  2200000   4500</leader>
    <datafield tag="321" ind1="#" ind2="#">
      <subfield code="a"/>
    </datafield>
    <datafield tag="520" ind1=" " ind2="#">
      <subfield code="a">Ayah Edy adalah seorang praktisi pendidikan anak yang aktif menjadi pembicara di berbagai seminar parenting, serta narasumber tetap di majalah, radio, dan televisi.</subfield>
    </datafield>
    <datafield tag="650" ind1=" " ind2="#">
      <subfield code="a">Self Improvement</subfield>
    </datafield>
    <datafield tag="700" ind1=" " ind2="#">
      <subfield code="a"/>
    </datafield>
    <datafield tag="856" ind1="#" ind2="#">
      <subfield code="a"/>
    </datafield>
    <controlfield tag="Wor">$a 1</controlfield>
    <controlfield tag="001">$a INLIS000000000008250</controlfield>
    <controlfield tag="005">$a 20260507074402</controlfield>
    <controlfield tag="008">$a 260507###########################0#ind##</controlfield>
    <datafield tag="022" ind1="#" ind2="#">
      <subfield code="a">978-602-9498-42-4</subfield>
    </datafield>
    <datafield tag="035" ind1="#" ind2="#">
      <subfield code="a">0010-0526000023</subfield>
    </datafield>
    <datafield tag="082" ind1="#" ind2="#">
      <subfield code="a">155.4</subfield>
    </datafield>
    <datafield tag="084" ind1="#" ind2="#">
      <subfield code="a">155 Edy A</subfield>
    </datafield>
    <datafield tag="100" ind1=" " ind2="#">
      <subfield code="a">Edy</subfield>
    </datafield>
    <datafield tag="245" ind1="#" ind2="#">
      <subfield code="a">Ayah Edy Menjawab</subfield>
      <subfield code="b">100 PErsoalan Sehari - hari Orangtua yang Tidak Ada Jawabannya di Kamus Mana Pun</subfield>
      <subfield code="c">Edy (Penulis) ; Laura Khalida (Penyunting)</subfield>
    </datafield>
    <datafield tag="247" ind1="#" ind2="#">
      <subfield code="a"/>
    </datafield>
    <datafield tag="260" ind1="#" ind2="#">
      <subfield code="a">Jakarta Selatan</subfield>
      <subfield code="b">Penerbit Noura Books</subfield>
      <subfield code="c">2013</subfield>
    </datafield>
    <datafield tag="300" ind1="#" ind2="#">
      <subfield code="a">302 hlm</subfield>
      <subfield code="b">Ilus</subfield>
      <subfield code="c">21 cm</subfield>
      <subfield code="e">-</subfield>
    </datafield>
    <datafield tag="310" ind1="#" ind2="#">
      <subfield code="a"/>
    </datafield>
  </record>
</collection>
